000 00336nam a2200133Ia 4500
005 20251222144751.0
008 251222s9999||||xx |||||||||||||| ||spa||
020 _a9972-42-637-8
082 _a277.885/M26
100 _aMarzal, Manuel María
245 0 _aPara entender la religión en el Perú - 2003
264 _bPUCP
942 _cLIB
999 _c19356
_d19356